| 000 | 00891cam a2200229 4500 | ||
|---|---|---|---|
| 020 | _a0070096473 | ||
| 082 | 0 | 0 |
_a721.0202 _bTIM _cD |
| 100 |
_aJohn Hancock Callender _947482 |
||
| 245 | 0 | 0 |
_aTime-saver standards for architectural design data. _cJohn Hancock Callender, editor-in-chief. |
| 250 | _a5th ed. | ||
| 260 |
_aNew York, _bMcGraw-Hill _c[1974] |
||
| 300 |
_axiii, 1042 p. _billus. _c28 cm. |
||
| 500 | _aCompanion vol. to Time-saver standards for building types. | ||
| 500 | _aPrevious editions are entered under: Architectural record. Time-saver standards. | ||
| 526 |
_a0 _b0 _c0 _d721_020200000000000_TIM |
||
| 650 | 0 |
_aArchitectural design _xHandbooks, manuals, etc. _947483 |
|
| 650 | 0 |
_aBuilding _xTables. _945138 |
|
| 650 | 0 |
_aMCE _9379 |
|
| 650 | 0 |
_aStandards, Engineering _xHandbooks, manuals, etc. _947484 |
|
| 700 | 1 |
_aCallender, John Hancock, _947485 |
|
| 942 |
_2ddc _cBK |
||
| 999 |
_c550725 _d550725 |
||